| 000 | 00800nam a22002537a 4500 | ||
|---|---|---|---|
| 005 | 20130402150352.0 | ||
| 008 | 130402b xxu||||| |||| 00| 0 eng d | ||
| 010 | _aENG-106774 | ||
| 020 |
_a9788120345973 _c250.00 |
||
| 035 | _aEN-90307 | ||
| 037 | _bDBAD/PUB | ||
| 040 |
_aDPL _bEng |
||
| 082 | _a005.133 | ||
| 100 | _aSestoft, Peter | ||
| 245 |
_a C# precisely / _cby Peter Sestoft [and] Henrik I. Hansen |
||
| 250 | _a2nd ed | ||
| 260 |
_aDelhi _bPHI Learning _c2013 |
||
| 270 |
_aRimjhim House, 111, Patparganj Industrial Estate _bDelhi _e110092 |
||
| 300 |
_axii,246p. : _bill. _c24cm(pbk) |
||
| 500 | _aIncludes bibliographical references and index. | ||
| 650 | _aC# (Computer program language) | ||
| 700 | _aHansen, Henrik I. | ||
| 942 |
_2ddc _cEN _h005.133 _mSES |
||
| 999 |
_c74084 _d74084 |
||